000 00934cam a22002534a 4500
001 15312882
005 20180312044040.0
008 080602s2010 maua 001 0 eng
010 _a 2008024479
020 _a0321557131 (pbk. : student edition)
020 _a9780321557131 (pbk. : student edition)
020 _a9780321576378 (annotated instructor's edition)
020 _a0321576373 (annotated instructor's edition)
040 _aDLC
_cDLC
_dDLC
041 _aeng
080 _a973 kee
082 0 0 _a973 kee
_222
100 1 _a36
101 _amat
245 1 0 _aIntroductory algebra.
906 _a7
_bcbc
_corignew
_d1
_eecip
_f20
_gy-gencatlg
942 _2ddc
_cBK
999 _c44667
_d44667